00250nam a22000977a 4500003000400000082001400004100003900018245004100057260004600098300000800144SGT a920bR21Y aयायावर, भारत  aरेणु :एक जीवनी bसेतु प्रकाशन c2021 a428